Manager: a simulation

Saved in:
書目詳細資料
主要作者: Smith, Jerald R (Author)
格式: 圖書
語言:英语
出版: Boston Houghton Mifflin 1984
主題:
標簽: 添加標簽
沒有標簽, 成為第一個標記此記錄!

MARC

LEADER 00000nam a2200000 a 4500
001 UCT8996
003 CL-VaPUC
008 970404e19840000US |||||||||||||||||eng|d
082 0 4 |a 658  |b SMI  |2 21 
100 0 |a Smith, Jerald R  |e author  |9 381340 
245 1 0 |a Manager: a simulation 
300 |a 81 p 
942 |c BK 
945 |d 19970404 00:00:00  |a rleighto 
260 |a Boston  |b Houghton Mifflin  |c 1984 
650 0 |a Administración  |9 259325 
650 7 |a MEDIO AMBIENTE LABORAL  |2 CL-VaPUC  |9 380233 
650 0 |a Organización  |9 256369 
650 0 |a Toma de decisiones   |9 257530 
583 |a last modification  |c 19970404 00:00:00  |k Rodrigo Vera 
999 |c 257459  |d 257457 
952 |0 0  |1 0  |4 0  |6 658_000000000000000_SMI_1984  |7 0  |8 A  |9 280926  |a BIBING  |b BIBING  |d 2019-11-19  |i 3289117  |o 658 SMI 1984  |p 3289117  |r 2025-01-20  |w 2019-11-19  |y BK  |k EII 
952 |0 0  |1 0  |4 0  |6 658_000000000000000_SMI_1984  |7 0  |8 A  |9 280927  |a BIBING  |b BIBING  |d 2019-11-19  |i 3289125  |o 658 SMI 1984  |p 3289125  |r 2025-01-20  |w 2019-11-19  |y BK  |k EII